Catalog

Record Details

Catalog Search



Die SS : Elite unter dem Totenkopf : 30 Lebensläufe / Hrsg. von Ronald Smelser, Enrico Syring

Smelser, Ronald (Compiler). Syring, Enrico (Compiler).

Record details

  • ISBN: 3-506-78562-1
  • Physical Description: 462 s.
  • Publisher: Paderborn : Schöning, 2000

Available copies

  • 1 of 1 copy available at Common Catalog SPOK.

Holds

  • 0 current holds with 1 total copy.
Show Only Available Copies
Location Call Number / Copy Notes Barcode Shelving Location Status Due Date
Terezin Initiative Institute 2828 4594302828 Knihovna ITI Available -

LDR 00727nam a2200217 a 4500
00126626
003CZ-PrJAB
00520220905042935.0
008010516s2000 gw gr 0 ger
020 . ‡a3-506-78562-1
035 . ‡a(CONS)1438
035 . ‡a(CZ PrSKC)zmp000010156
040 . ‡aABE323 ‡bcze
24504. ‡aDie SS : ‡bElite unter dem Totenkopf : 30 Lebensläufe / ‡cHrsg. von Ronald Smelser, Enrico Syring
260 . ‡aPaderborn : ‡bSchöning, ‡c2000
300 . ‡a462 s.
7001 . ‡aSmelser, Ronald ‡4com
7001 . ‡aSyring, Enrico ‡4com
8524 . ‡bJACH-ITI ‡bJACH-ITI ‡cKnihovna ITI ‡j2828 ‡p2828 ‡y$0.00
910 . ‡aABE340 ‡b2828
995 . ‡askok
901 . ‡a26626 ‡bISxN ‡c26626 ‡tbiblio

Additional Resources